000 00613nam a22001457a 4500
020 _a978-0-330-41859-1
082 _a8123
_bARC/P
100 _aJEFFREY ARCHER
245 _aA PRISON DIARY
260 _aLONDON
_bPAN BOOKS
300 _a259
520 _aThis book, written under the nom de plume FF 8282, documents Archer's introduction to the prison system. He was to spend the first 22 days and 14 hours in HMP Belmarsh, a double A-Category high-security prison in South London. Although Archer spent less than a month there, Belmarsh is described as a real hell-hole.
650 _aNOVEL
_zLONDON
942 _cBK
999 _c2240
_d2240